Southville International School and Colleges
Your cart is empty.
  • Cart
  • Lists
    Public lists Eva Luna New books Lux_list list_1
    Your lists Log in to create your own lists
  • Log in to your account
  • Your cookies
  • Search history
Southville International School and Colleges
  • Advanced search
  • Recent comments
  • Most popular
  • Libraries

Log in to your account

Log in with GOOGLE


If you do not have an external account, but do have a local account, you can still log in:

  1. Home
  2. MARC view: The things you can see only when you slow down :
Normal view MARC view ISBD view

The things you can see only when you slow down : (Record no. 368287)

[ view plain ]
MARC details
000 -LEADER
fixed length control field 01168nam a22002657a 4500
003 - CONTROL NUMBER IDENTIFIER
control field 0
005 - DATE AND TIME OF LATEST TRANSACTION
control field 20251020135700.0
008 - FIXED-LENGTH DATA ELEMENTS--GENERAL INFORMATION
fixed length control field 251020b xxu||||| |||| 00| 0 eng d
020 ## - INTERNATIONAL STANDARD BOOK NUMBER
International Standard Book Number 978-0-14-313077-2
050 ## - LIBRARY OF CONGRESS CALL NUMBER
Classification number BJ 1594.5.K6
Item number .S86 2017
100 ## - MAIN ENTRY--PERSONAL NAME
Personal name Haemin, Sunim,
Relator term author.
245 ## - TITLE STATEMENT
Title The things you can see only when you slow down :
Remainder of title how to be calm in a busy world /
Statement of responsibility, etc Haemin Sunim ; translated by Chi-Young Kim and Haemin Sunim ; artwork by Youngcheol Lee. _
260 ## - PUBLICATION, DISTRIBUTION, ETC. (IMPRINT)
Place of publication, distribution, etc London :
Name of publisher, distributor, etc Penguin Books,
Date of publication, distribution, etc 2017.
300 ## - PHYSICAL DESCRIPTION
Extent 267 pages :
Other physical details color illustrations ;
Dimensions 19 cm
500 ## - GENERAL NOTE
General note Originally published in Korean as "Mwo-rago malhal-gga haneun geotdeul-ege" in 2012.<br/>Includes artwork by Youngcheol Lee.
504 ## - BIBLIOGRAPHY, ETC. NOTE
Bibliography, etc Includes bibliographical references.
520 ## - SUMMARY, ETC.
Summary, etc A guide to mindfulness and finding calm in the midst of a busy world, offering spiritual and practical advice for everyday life.
650 ## - SUBJECT ADDED ENTRY--TOPICAL TERM
Topical term or geographic name as entry element Mindfulness (Psychology).
650 ## - SUBJECT ADDED ENTRY--TOPICAL TERM
Topical term or geographic name as entry element Conduct of life.
650 ## - SUBJECT ADDED ENTRY--TOPICAL TERM
Topical term or geographic name as entry element Spiritual life.
700 ## - ADDED ENTRY--PERSONAL NAME
Personal name Kim, Chi-Young,
Relator term translator.
700 ## - ADDED ENTRY--PERSONAL NAME
Personal name Lee, Youngcheol,
Relator term illustrator.
710 ## - ADDED ENTRY--CORPORATE NAME
Corporate name or jurisdiction name as entry element Penguin Books,
Relator term publisher.
942 ## - ADDED ENTRY ELEMENTS (KOHA)
Source of classification or shelving scheme Library of Congress Classification
Koha item type Books
Holdings
Withdrawn status Lost status Source of classification or shelving scheme Damaged status Home library Current library Shelving location Date acquired Source of acquisition Sub Shelving location Total Checkouts Full call number Barcode Date last seen Price effective from Koha item type
    Library of Congress Classification   Luxembourg Library Luxembourg Library High School Section 11/19/2024 Library Fund     BJ 1594.5.K6 .S86 2017 21372 10/20/2025 10/20/2025 Books

The things you can see only when you slow down :

APA

Haemin S., Kim C., Lee Y. & Penguin Books. (2017). The things you can see only when you slow down. London: Penguin Books.

Chicago

Haemin Sunim, Kim Chi-Young, Lee Youngcheol and Penguin Books. 2017. The things you can see only when you slow down. London: Penguin Books.

Harvard

Haemin S., Kim C., Lee Y. and Penguin Books. (2017). The things you can see only when you slow down. London: Penguin Books.

MLA

Haemin Sunim, Kim Chi-Young, Lee Youngcheol and Penguin Books. The things you can see only when you slow down. London: Penguin Books. 2017.

  • Place hold
  • Print
  • Cite
  • Add to your cart (remove)
  • Save record
    BIBTEX Dublin Core MARCXML MARC (non-Unicode/MARC-8) MARC (Unicode/UTF-8) MARC (Unicode/UTF-8, Standard) MODS (XML) RIS
  • More searches
    Search for this title in:
    Other Libraries (WorldCat) Other Databases (Google Scholar) Online Stores (Bookfinder.com) Open Library (openlibrary.org)

Exporting to Dublin Core...

SOUTHVILLE LIBRARY

Southville International School and Colleges Library

1281 Tropical Ave. Cor. Luxembourg St., BF Homes International, Las Pinas City

Tel. No. 8256374 / 252358 Loc. 117/146

Powered by Koha